书目信息 |
| 题名: |
中国盐湖自然资源及其开发利用
|
|
| 作者: | 张彭熹 著 | |
| 分册: | ||
| 出版信息: | 北京 科学出版社 1999.08 |
|
| 页数: | 325页 | |
| 开本: | 32开 | |
| 丛书名: | ||
| 单 册: | ||
| 中图分类: | X37 | |
| 科图分类: | ||
| 主题词: | 自然资源--开发--合理 , 自然资源--环境? | |
| 电子资源: | ||
| ISBN: | 7-03-007102-6 | |
| 000 | 00623nam0 2200205 45 | |
| 001 | 0008040864 | |
| 005 | 20000804083033.4 | |
| 010 | @a7-03-007102-6@d42.00元 | |
| 100 | @a20000804d1999 km y0chiy0120 ea | |
| 101 | 0 | @achi |
| 105 | @a z 000yy | |
| 200 | 1 | @a中国盐湖自然资源及其开发利用@AZhong Guo Yan Hu Zi Ran Zi Yuan Ji Qi Kai Fa Li Yong@f张彭熹等著@FZhang Peng Xi Deng Zhu |
| 210 | @a北京@c科学出版社@d1999.08 | |
| 215 | @a325页@d32开 | |
| 606 | 0 | @a自然资源@x开发@x合理 |
| 606 | 0 | @a自然资源@x环境? |
| 690 | @aX37@v3 | |
| 701 | 0 | @a张彭熹@4著 |
| 801 | @aCN@bPftUser@c20000804 | |
| 905 | @b88611-615@dX37@eZH895@f5 | |
| 中国盐湖自然资源及其开发利用/张彭熹等著.-北京:科学出版社,1999.08 |
| 325页;32开 |
| ISBN 7-03-007102-6:42.00元 |
| ● |
| 相关链接 |
|
|
|
正题名:中国盐湖自然资源及其开发利用
索取号:X37/ZH895
 
预约/预借
| 序号 | 登录号 | 条形码 | 馆藏地/架位号 | 状态 | 备注 |
| 1 | 88611 | 200886112 | 市政与环境工程学院资料室/ [索取号:X37/ZH895] | 在馆 | |
| 2 | 88612 | 200886121 | 自科库501/501自科库 67排1列4层/ [索取号:X37/ZH895] | 在馆 | |
| 3 | 88613 | 200886130 | 期刊室512/501自科库 66排6列5层/ [索取号:X37/ZH895] | 在馆 | |
| 4 | 88614 | 200886149 | 市政与环境工程学院资料室/ [索取号:X37/ZH895] | 在馆 | |
| 5 | 88615 | 200886158 | 自科库501/501自科库 67排1列4层/ [索取号:X37/ZH895] | 在馆 |